Normal view
MARC view
- Paramilitares
Entry Materia
001 - NÚMERO DE CONTROL DEL REGISTRO
- campo de control: 59233
003 - IDENTIFICADOR DE NUMERO DE CONTROL
- campo de control: MX-MxUPN
005 - FECHA Y HORA DE LA ÚLTIMA TRANSACCIÓN
- campo de control: 20260409134640.0
008 - DATOS DE LONGITUD FIJA
- campo de control de longitud fija: 260409n||acnnnbabn | ana |d
040 ## - FUENTE DE LA CATALOGACIÓN
- Centro catalogador de origen: MX-MxUPN
- Lengua de catalogación: spa
150 ## - ENCABEZAMIENTO - TEMÁTICO
- Término de materia o nombre geográfico como elemento inicial: Paramilitares
- Subdivisión geográfica: Colombia
- Subdivisión de materia general: Historia
450 ## - VÉASE - MATERIA
- Encabezamiento temático: Paramilitarismo
670 ## - FUENTE EN LA QUE SE LOCALIZARON DATOS
- Cita de la fuente: Autoridades LEMB, 9 abril 2026 :
- Información localizada: (Paramilitares)
902 ## - CATALOGADOR
- Catalogador: JohanaAllegre/090426
